[Event "NB2 Breyer csoport"]
[Site "Budapest"]
[Date "2024.11.17"]
[Round "2.8"]
[White "D Albini, Geza"]
[Black "Szanto, Levente"]
[Result "1/2-1/2"]
[WhiteElo "1797"]
[BlackElo "1927"]
[PlyCount "111"]
[EventDate "2024.11.03"]
[EventType "team-tourn"]
[EventRounds "9"]
[EventCountry "HUN"]
[Source "chess.hu"]
[SourceDate "2024.11.17"]
[WhiteTeam "Vizugyi SC"]
[BlackTeam "Tatabanyai SC"]
[WhiteTeamCountry "HUN"]
[BlackTeamCountry "HUN"]

1. c4 e6 2. d4 d5 3. e3 c6 4. a3 f5 5. Nf3 Bd6 6. b3 Nf6 7. Bb2 O-O 8. Be2 Nbd7
9. O-O Ne4 10. Nbd2 Qf6 11. Re1 g5 12. Nf1 g4 13. N3d2 h5 14. f3 Ng5 15. f4 Nf7
16. Qc2 Nh6 17. c5 Be7 18. b4 Qg6 19. a4 Bh4 20. g3 Be7 21. Nb3 h4 22. Bd3 Kg7
23. Qg2 Rh8 24. Nfd2 Nf6 25. Kf2 Bd7 26. Ke2 Ne4 27. Rh1 Rh7 28. Rag1 Rah8 29.
Bxe4 dxe4 30. Nc4 Bf6 31. Ne5 Qe8 32. gxh4 Bxh4 33. h3 g3 34. d5 Kf8 35. Nxd7+
Qxd7 36. Bxh8 Rxh8 37. d6 b6 38. Rd1 Ng8 39. Kf1 Nf6 40. Qb2 Rg8 41. Kg2 Nd5
42. Qd2 Bf6 43. Nd4 Kf7 44. b5 bxc5 45. bxc6 Qxd6 46. Nxf5 Nxf4+ 47. exf4 Qxd2+
48. Rxd2 exf5 49. Rd7+ Ke6 50. Rhd1 Bd4 51. Rxa7 e3 52. Rd7 Rc8 53. Kf3 Rxc6
54. R1xd4 cxd4 55. Rxd4 Rc1 56. Rd3 1/2-1/2

[Event "NB2 Breyer csoport"]
[Site "Budapest"]
[Date "2024.11.17"]
[Round "2.9"]
[White "Balogh, Erik Zsigmond"]
[Black "Marton-John, Almos Kiran"]
[Result "1-0"]
[WhiteElo "1980"]
[BlackElo "1904"]
[PlyCount "107"]
[EventDate "2024.11.03"]
[EventType "team-tourn"]
[EventRounds "9"]
[EventCountry "HUN"]
[Source "chess.hu"]
[SourceDate "2024.11.17"]
[WhiteTeam "Tatabanyai SC"]
[BlackTeam "Vizugyi SC"]
[WhiteTeamCountry "HUN"]
[BlackTeamCountry "HUN"]

1. e4 e5 2. Nf3 Nc6 3. Bc4 Bc5 4. c3 Nf6 5. d3 d6 6. Bg5 a6 7. Nbd2 Ba7 8. b4
Be6 9. Bxe6 fxe6 10. Qb3 Qe7 11. h3 O-O 12. O-O Qf7 13. a4 h6 14. Bh4 Ne7 15.
d4 Ng6 16. Bg3 Nh5 17. Bh2 Ngf4 18. Kh1 Qg6 19. Nh4 Qg5 20. g3 Nxh3 21. Qxe6+
Kh7 22. Ndf3 Rxf3 23. Nxf3 Qf6 24. Qxf6 Nxf6 25. Kg2 Ng5 26. Nxg5+ hxg5 27.
dxe5 dxe5 28. f3 g4 29. Rfe1 gxf3+ 30. Kxf3 Rf8 31. Kg2 Ng4 32. Bg1 Bxg1 33.
Kxg1 Rf3 34. Kg2 Rxc3 35. Rac1 Rb3 36. Rb1 Ra3 37. a5 Kg6 38. Re2 Rd3 39. Kh3
Nf6 40. b5 Nh5 41. Kh2 Nf6 42. bxa6 bxa6 43. Rc1 Ra3 44. Rc5 Ra4 45. Kg2 Nxe4
46. Rxe5 Nd6 47. Re6+ Kh7 48. R2e5 Ra3 49. Rc5 Ra2+ 50. Kh3 Nb7 51. Rxc7 Nxa5
52. Rxa6 Ra1 53. Rca7 Rh1+ 54. Kg2 1-0

[Event "NB2 Breyer csoport"]
[Site "Naszaly"]
[Date "2024.11.17"]
[Round "2.1"]
[White "Frank, Balint"]
[Black "Giang, Tran Nam"]
[Result "1/2-1/2"]
[WhiteElo "1999"]
[BlackElo "2168"]
[PlyCount "193"]
[EventDate "2024.11.03"]
[EventType "team-tourn"]
[EventRounds "9"]
[EventCountry "HUN"]
[Source "chess.hu"]
[SourceDate "2024.11.17"]
[WhiteTeam "Varosgazda Akademia"]
[BlackTeam "Geniusz Tata-Naszaly"]
[WhiteTeamCountry "HUN"]
[BlackTeamCountry "HUN"]

1. d4 Nf6 2. c4 e6 3. Nf3 d5 4. g3 Bb4+ 5. Bd2 Be7 6. Bg2 O-O 7. O-O Nbd7 8.
Bf4 c6 9. Qc2 a5 10. Nbd2 Nh5 11. Ne5 Nxe5 12. Bxe5 f6 13. Bf4 Nxf4 14. gxf4
Bd6 15. e3 Qe8 16. f5 Kh8 17. fxe6 Bxe6 18. cxd5 cxd5 19. Rfc1 Qh5 20. Nf1 f5
21. Ng3 Qh4 22. f4 a4 23. Qf2 Qe7 24. Ne2 a3 25. b3 Rfe8 26. Nc3 Ra5 27. Qe2
Bf7 28. Re1 Bb4 29. Qd3 Ra6 30. Re2 Bh5 31. Nxd5 Bxe2 32. Qxe2 Qf8 33. Nc7 Bc3
34. Rd1 Rg6 35. Nxe8 Qxe8 36. Qf3 Bb4 37. Kf2 Qc8 38. Qe2 Qd8 39. Rc1 Bd6 40.
Rc2 Qh4+ 41. Kg1 h6 42. Qf2 Qe7 43. Kh1 Re6 44. Re2 Qc7 45. Bd5 Re8 46. Bc4 b5
47. Bd3 Qc1+ 48. Re1 Qc6+ 49. Kg1 Bb4 50. Re2 Qd7 51. Qf3 Bc3 52. Qh5 Rf8 53.
Qf3 b4 54. h3 Qe7 55. Qh5 Qf6 56. Kh2 Kh7 57. Rg2 g6 58. Qf3 Rf7 59. Bc4 Re7
60. Qa8 Rg7 61. Re2 g5 62. Qc8 gxf4 63. Be6 Kg6 64. Rg2+ Kh5 65. Rxg7 Qxg7 66.
exf4 Bxd4 67. Qe8+ Kh4 68. Qd8+ Bf6 69. Qd3 Bd4 70. Qf1 Qg3+ 71. Kh1 Qxh3+ 72.
Qxh3+ Kxh3 73. Bxf5+ Kg3 74. Bd3 Kxf4 75. Kg2 Ke3 76. Bc4 Kd2 77. Kf3 h5 78.
Ke4 Ba7 79. Be6 h4 80. Kd5 Bb8 81. Kc4 Bd6 82. Bf5 Ke3 83. Kd5 Bf8 84. Be6 Kf4
85. Kc4 Kg3 86. Kd3 h3 87. Bxh3 Kxh3 88. Kc2 Kg3 89. Kb1 Kf3 90. Kc2 Ke2 91.
Kc1 Kd3 92. Kb1 Bc5 93. Kc1 Kc3 94. Kb1 Bd4 95. Kc1 Be3+ 96. Kb1 Kd2 97. Ka1
1/2-1/2

[Event "NB2 Breyer csoport"]
[Site "Naszaly"]
[Date "2024.11.17"]
[Round "2.2"]
[White "Dibusz, Ferenc"]
[Black "Salamon, Laszlo"]
[Result "0-1"]
[WhiteElo "2120"]
[BlackElo "2037"]
[PlyCount "128"]
[EventDate "2024.11.03"]
[EventType "team-tourn"]
[EventRounds "9"]
[EventCountry "HUN"]
[Source "chess.hu"]
[SourceDate "2024.11.17"]
[WhiteTeam "Geniusz Tata-Naszaly"]
[BlackTeam "Varosgazda Akademia"]
[WhiteTeamCountry "HUN"]
[BlackTeamCountry "HUN"]

1. c4 Nf6 2. Nc3 d5 3. d4 g6 4. Nf3 Bg7 5. e3 O-O 6. h3 c5 7. cxd5 Nxd5 8. Bc4
Nxc3 9. bxc3 Qc7 10. Qe2 cxd4 11. cxd4 b5 12. Bd5 Bb7 13. Bxb7 Qxb7 14. Rb1 a6
15. O-O Nd7 16. Ba3 Nb6 17. Rbc1 Rfc8 18. Nd2 Na4 19. Qd3 Rab8 20. Bb4 e6 21.
Ne4 Rxc1 22. Rxc1 Rc8 23. Rc2 Rc6 24. g4 Qc7 25. Rxc6 Qxc6 26. g5 Nb2 27. Qb1
Nc4 28. Be7 Qb7 29. Bf6 Bxf6 30. Nxf6+ Kg7 31. e4 Qb8 32. e5 Qa8 33. Qd3 Nb6
34. Qg3 Nd5 35. Qf3 Qc6 36. Ne4 Qc1+ 37. Kg2 Qf4 38. Qe2 Qf5 39. Kg3 Qf4+ 40.
Kg2 Qf5 41. Qf3 Qxf3+ 42. Kxf3 h6 43. gxh6+ Kxh6 44. Nd6 Kg7 45. Nb7 Nc3 46.
Nc5 a5 47. a3 a4 48. Ke3 Nb1 49. Kd3 Kf8 50. Kc2 Nxa3+ 51. Kc3 Ke7 52. Nd3 Nb1+
53. Kb4 Kd7 54. Kxb5 a3 55. Nc5+ Kc7 56. Nb3 a2 57. Kc5 Nd2 58. Na1 Ne4+ 59.
Kc4 Nxf2 60. d5 Nxh3 61. Nb3 exd5+ 62. Kxd5 g5 63. Ke4 g4 64. Na1 Kc6 0-1

[Event "NB2 Breyer csoport"]
[Site "Naszaly"]
[Date "2024.11.17"]
[Round "2.3"]
[White "Gombocz, Zsolt"]
[Black "Kovacs, Gabor Etele"]
[Result "0-1"]
[WhiteElo "1982"]
[BlackElo "2102"]
[PlyCount "77"]
[EventDate "2024.11.03"]
[EventType "team-tourn"]
[EventRounds "9"]
[EventCountry "HUN"]
[Source "chess.hu"]
[SourceDate "2024.11.17"]
[WhiteTeam "Varosgazda Akademia"]
[BlackTeam "Geniusz Tata-Naszaly"]
[WhiteTeamCountry "HUN"]
[BlackTeamCountry "HUN"]

1. d4 d5 2. c4 e6 3. Nc3 c6 4. Nf3 Nf6 5. e3 Nbd7 6. Bd3 dxc4 7. Bxc4 b5 8. Bd3
Bb7 9. O-O a6 10. Qe2 c5 11. Rd1 Qb6 12. Bc2 Be7 13. Ng5 O-O 14. f3 Rfd8 15.
Qf2 Rac8 16. Kh1 cxd4 17. exd4 h6 18. Nge4 b4 19. Nxf6+ Nxf6 20. Ne4 e5 21. Be3
Nd5 22. Bb3 Nxe3 23. Qxe3 Rxd4 24. Rxd4 Qxd4 25. Qe2 Bd5 26. Rd1 Bxb3 27. axb3
Qb6 28. h3 Qc6 29. Ra1 Qc2 30. Qxa6 Rd8 31. Qc4 Qxc4 32. bxc4 f5 33. Nf2 Rd2
34. Nd1 Bc5 35. Rc1 Kf7 36. Kh2 e4 37. fxe4 fxe4 38. Kg3 e3 39. Nxe3 0-1

[Event "NB2 Breyer csoport"]
[Site "Naszaly"]
[Date "2024.11.17"]
[Round "2.4"]
[White "Kovacs, Reka"]
[Black "Goblyos, Gyorgy"]
[Result "1-0"]
[WhiteElo "2040"]
[BlackElo "2050"]
[PlyCount "31"]
[EventDate "2024.11.03"]
[EventType "team-tourn"]
[EventRounds "9"]
[EventCountry "HUN"]
[Source "chess.hu"]
[SourceDate "2024.11.17"]
[WhiteTeam "Geniusz Tata-Naszaly"]
[BlackTeam "Varosgazda Akademia"]
[WhiteTeamCountry "HUN"]
[BlackTeamCountry "HUN"]

1. e4 g6 2. d4 Bg7 3. Nc3 d6 4. Be3 Nd7 5. Qd2 c6 6. g4 e5 7. O-O-O h6 8. f4
Qe7 9. Nf3 a6 10. dxe5 dxe5 11. f5 b5 12. g5 gxf5 13. exf5 hxg5 14. Ne4 f6 15.
Nd6+ Kd8 16. Qa5+ 1-0

[Event "NB2 Breyer csoport"]
[Site "Naszaly"]
[Date "2024.11.17"]
[Round "2.5"]
[White "Banhazi, Istvan"]
[Black "Kossela, Peter"]
[Result "1/2-1/2"]
[WhiteElo "1926"]
[BlackElo "2067"]
[PlyCount "45"]
[EventDate "2024.11.03"]
[EventType "team-tourn"]
[EventRounds "9"]
[EventCountry "HUN"]
[Source "chess.hu"]
[SourceDate "2024.11.17"]
[WhiteTeam "Varosgazda Akademia"]
[BlackTeam "Geniusz Tata-Naszaly"]
[WhiteTeamCountry "HUN"]
[BlackTeamCountry "HUN"]

1. d4 Nf6 2. c4 e6 3. Nf3 d5 4. e3 Nbd7 5. Nc3 Be7 6. Bd3 O-O 7. O-O dxc4 8.
Bxc4 c5 9. Qe2 cxd4 10. exd4 a6 11. a4 Nb6 12. Bb3 Nbd5 13. Re1 Bb4 14. Bd2 Qa5
15. Rac1 Bd7 16. Ne5 Be8 17. Nxd5 exd5 18. Rc5 b5 19. Bc3 Rd8 20. f3 Bxc3 21.
bxc3 Qb6 22. axb5 Bxb5 23. Qa2 1/2-1/2

[Event "NB2 Breyer csoport"]
[Site "Naszaly"]
[Date "2024.11.17"]
[Round "2.6"]
[White "Vancsisin, Mark"]
[Black "Rozsnyai, Tibor"]
[Result "1-0"]
[WhiteElo "1947"]
[BlackElo "1987"]
[PlyCount "73"]
[EventDate "2024.11.03"]
[EventType "team-tourn"]
[EventRounds "9"]
[EventCountry "HUN"]
[Source "chess.hu"]
[SourceDate "2024.11.17"]
[WhiteTeam "Geniusz Tata-Naszaly"]
[BlackTeam "Varosgazda Akademia"]
[WhiteTeamCountry "HUN"]
[BlackTeamCountry "HUN"]

1. e4 c5 2. Nc3 Nc6 3. g3 g6 4. Bg2 Bg7 5. d3 e6 6. Nge2 Nge7 7. Be3 Nd4 8. Qd2
d6 9. Nd1 Qc7 10. c3 Nxe2 11. Qxe2 Bd7 12. O-O Rc8 13. f4 O-O 14. Nf2 Rfe8 15.
g4 f5 16. Rac1 Qa5 17. Rfd1 Qa6 18. Bf1 b6 19. d4 Qxe2 20. Bxe2 cxd4 21. Bxd4
Bxd4 22. Rxd4 d5 23. exd5 Kg7 24. Ba6 Rcd8 25. dxe6 Bxe6 26. Re1 Kf7 27. Nd3
fxg4 28. Ne5+ Kf6 29. Rde4 Rd2 30. Bb5 Rc8 31. Nc6 Rd6 32. Nd4 Rc5 33. Rxe6+
Rxe6 34. Rxe6+ Kf7 35. Re5 Rc7 36. Kf2 h5 37. Ba4 1-0

[Event "NB2 Breyer csoport"]
[Site "Naszaly"]
[Date "2024.11.17"]
[Round "2.7"]
[White "Li, Changxing"]
[Black "Karikas, Marianna"]
[Result "1/2-1/2"]
[WhiteElo "1863"]
[BlackElo "1898"]
[PlyCount "41"]
[EventDate "2024.11.03"]
[EventType "team-tourn"]
[EventRounds "9"]
[EventCountry "HUN"]
[Source "chess.hu"]
[SourceDate "2024.11.17"]
[WhiteTeam "Varosgazda Akademia"]
[BlackTeam "Geniusz Tata-Naszaly"]
[WhiteTeamCountry "HUN"]
[BlackTeamCountry "HUN"]

1. e4 d5 2. exd5 Qxd5 3. Nc3 Qd8 4. d4 Nf6 5. Nf3 e6 6. Be2 Be7 7. O-O O-O 8.
h3 a6 9. a4 c5 10. Be3 Qc7 11. dxc5 Bxc5 12. Bxc5 Qxc5 13. Qd4 Qxd4 14. Nxd4 e5
15. Nb3 Bf5 16. Nc5 b6 17. Bf3 Ra7 18. N5e4 Nbd7 19. Rad1 Rc7 20. Rd6 b5 21.
Rxa6 1/2-1/2

[Event "NB2 Breyer csoport"]
[Site "Naszaly"]
[Date "2024.11.17"]
[Round "2.8"]
[White "Nagy, Ferenc"]
[Black "Sandor, Jozsef"]
[Result "0-1"]
[WhiteElo "1935"]
[BlackElo "1872"]
[PlyCount "21"]
[EventDate "2024.11.03"]
[EventType "team-tourn"]
[EventRounds "9"]
[EventCountry "HUN"]
[Source "chess.hu"]
[SourceDate "2024.11.17"]
[WhiteTeam "Geniusz Tata-Naszaly"]
[BlackTeam "Varosgazda Akademia"]
[WhiteTeamCountry "HUN"]
[BlackTeamCountry "HUN"]

1. d4 d6 2. c4 e5 3. dxe5 dxe5 4. Qxd8+ Kxd8 5. e4 Nc6 6. a3 Nd4 7. Bd3 Nb3 8.
Kd1 Nxa1 9. Nd2 a5 10. a4 Bb4 11. Ngf3 0-1

[Event "NB2 Breyer csoport"]
[Site "Naszaly"]
[Date "2024.11.17"]
[Round "2.9"]
[White "Berla, Zoltan Mate"]
[Black "Szobi, Geza"]
[Result "1-0"]
[WhiteElo "1751"]
[BlackElo "1882"]
[PlyCount "81"]
[EventDate "2024.11.03"]
[EventType "team-tourn"]
[EventRounds "9"]
[EventCountry "HUN"]
[Source "chess.hu"]
[SourceDate "2024.11.17"]
[WhiteTeam "Varosgazda Akademia"]
[BlackTeam "Geniusz Tata-Naszaly"]
[WhiteTeamCountry "HUN"]
[BlackTeamCountry "HUN"]

1. e4 e5 2. Nf3 Nc6 3. Bc4 Bc5 4. O-O Nf6 5. d3 O-O 6. Bg5 h6 7. Bh4 d6 8. h3
Be6 9. Nbd2 a6 10. c3 Na5 11. Bxe6 fxe6 12. b4 g5 13. Bg3 Ba7 14. bxa5 c6 15.
Nc4 Nh5 16. Kh1 Nf4 17. Qd2 Qe7 18. Rab1 Nxh3 19. Nfxe5 dxe5 20. gxh3 Bb8 21.
Bxe5 Bxe5 22. Nxe5 Rf6 23. f4 Raf8 24. Qg2 Qc7 25. d4 Rxf4 26. Rxf4 Rxf4 27.
Rf1 Rxf1+ 28. Qxf1 Kg7 29. Qf3 c5 30. Qh5 cxd4 31. Qg6+ Kf8 32. Qf6+ Kg8 33.
Qxe6+ Kg7 34. Qg6+ Kf8 35. Qxh6+ Ke8 36. Qxg5 Kf8 37. cxd4 b6 38. Qh6+ Kg8 39.
axb6 Qb7 40. Qg6+ Kf8 41. Qf7+ 1-0

[Event "NB2 Breyer csoport"]
[Site "Naszaly"]
[Date "2024.11.17"]
[Round "2.10"]
[White "Kovacs, Balazs"]
[Black "Ma, Guangxianzhao"]
[Result "0-1"]
[WhiteElo "1871"]
[BlackElo "1727"]
[PlyCount "72"]
[EventDate "2024.11.03"]
[EventType "team-tourn"]
[EventRounds "9"]
[EventCountry "HUN"]
[Source "chess.hu"]
[SourceDate "2024.11.17"]
[WhiteTeam "Geniusz Tata-Naszaly"]
[BlackTeam "Varosgazda Akademia"]
[WhiteTeamCountry "HUN"]
[BlackTeamCountry "HUN"]

1. e4 c5 2. Nf3 Nc6 3. d4 cxd4 4. Nxd4 e5 5. Nb5 d6 6. N1c3 a6 7. Na3 Be7 8.
Nd5 Nf6 9. Nxf6+ Bxf6 10. Nc4 O-O 11. c3 Be7 12. Be3 b5 13. Nb6 Rb8 14. Nd5 Be6
15. Be2 Bg5 16. Qd2 Bxe3 17. Nxe3 Qc7 18. O-O Rbd8 19. Bg4 Ne7 20. Bxe6 fxe6
21. f3 d5 22. exd5 exd5 23. Qe2 Ng6 24. g3 d4 25. cxd4 exd4 26. Ng4 Rfe8 27.
Qd3 Qc4 28. Rfd1 Qxd3 29. Rxd3 h5 30. Nf2 Ne5 31. Ra3 Nc4 32. Rxa6 d3 33. b3 d2
34. Nd1 Re1+ 35. Kf2 Nb2 36. Re6 Nxd1+ 0-1

[Event "NB2 Breyer csoport"]
[Site "Naszaly"]
[Date "2024.11.17"]
[Round "2.11"]
[White "Kolozsvari, Kristof"]
[Black "Kerekes, Gyorgy Jr"]
[Result "0-1"]
[WhiteElo "1585"]
[BlackElo "1671"]
[PlyCount "84"]
[EventDate "2024.11.03"]
[EventType "team-tourn"]
[EventRounds "9"]
[EventCountry "HUN"]
[Source "chess.hu"]
[SourceDate "2024.11.17"]
[WhiteTeam "Varosgazda Akademia"]
[BlackTeam "Geniusz Tata-Naszaly"]
[WhiteTeamCountry "HUN"]
[BlackTeamCountry "HUN"]

1. e4 c5 2. c3 Nc6 3. d4 cxd4 4. cxd4 d5 5. exd5 Qxd5 6. Nf3 Nf6 7. Nc3 Qd8 8.
Bb5 e6 9. O-O Be7 10. Ne5 Bd7 11. Bxc6 Bxc6 12. Nxc6 bxc6 13. Be3 O-O 14. Rc1
Nd5 15. Qe2 Nxe3 16. Qxe3 Bg5 17. f4 Bf6 18. Rfd1 Qb6 19. b3 Rad8 20. Ne2 Rd7
21. Rc4 Rfd8 22. Qc3 c5 23. Rxc5 Qa6 24. Qc2 g6 25. Rc4 Rd5 26. Ra4 Qb6 27. Qc4
a5 28. h3 e5 29. fxe5 Bxe5 30. Kh1 Bb8 31. Nc3 Qd6 32. Kg1 Qh2+ 33. Kf1 Rf5+
34. Ke1 Re8+ 35. Kd2 Qxg2+ 36. Kc1 Rf2 37. Rxa5 Bf4+ 38. Kb1 Rd2 39. Rxd2 Qxd2
40. Ka1 Re1+ 41. Nb1 Qxa5 42. b4 Qa4 0-1

[Event "NB2 Breyer csoport"]
[Site "Budapest"]
[Date "2024.11.17"]
[Round "2.1"]
[White "Kovacs, Milan"]
[Black "Kovacsy, Barnabas"]
[Result "1/2-1/2"]
[WhiteElo "2072"]
[BlackElo "2274"]
[PlyCount "96"]
[EventDate "2024.11.03"]
[EventType "team-tourn"]
[EventRounds "9"]
[EventCountry "HUN"]
[Source "chess.hu"]
[SourceDate "2024.11.17"]
[WhiteTeam "NYVSE"]
[BlackTeam "MTK Budapest II."]
[WhiteTeamCountry "HUN"]
[BlackTeamCountry "HUN"]

1. e4 c5 2. Nc3 Nc6 3. g3 g6 4. Bg2 Bg7 5. f4 d6 6. Nf3 e5 7. d3 Nge7 8. O-O
O-O 9. Be3 Rb8 10. fxe5 Nxe5 11. Nxe5 Bxe5 12. d4 cxd4 13. Bxd4 b6 14. Rf2 Be6
15. Nd5 Bxd5 16. exd5 Qd7 17. Qd3 Bxd4 18. Qxd4 Nf5 19. Qg4 h5 20. Qg5 Ng7 21.
Be4 Rbe8 22. Bd3 Re5 23. Qf6 Qe7 24. Raf1 Qxf6 25. Rxf6 Ne8 26. R6f4 f5 27. Ra4
Re7 28. Rc4 Rc7 29. Re1 Rxc4 30. Bxc4 Nc7 31. Kg2 Kf7 32. Kf3 Kf6 33. h4 Re8
34. Rxe8 Nxe8 35. Kf4 Kf7 36. a4 Nf6 37. b4 a5 38. bxa5 bxa5 39. Ke3 Ne4 40.
Bd3 Nc3 41. Bb5 Nxd5+ 42. Kd4 Nf6 43. Bc6 Ke6 44. Kc4 d5+ 45. Kd4 Kd6 46. Bb7
Ke6 47. Bc6 Kd6 48. Bb7 Ke6 1/2-1/2

[Event "NB2 Breyer csoport"]
[Site "Budapest"]
[Date "2024.11.17"]
[Round "2.2"]
[White "Fodor, Balazs"]
[Black "Horvath, Kalman"]
[Result "1-0"]
[WhiteElo "2206"]
[BlackElo "2074"]
[PlyCount "67"]
[EventDate "2024.11.03"]
[EventType "team-tourn"]
[EventRounds "9"]
[EventCountry "HUN"]
[Source "chess.hu"]
[SourceDate "2024.11.17"]
[WhiteTeam "MTK Budapest II."]
[BlackTeam "NYVSE"]
[WhiteTeamCountry "HUN"]
[BlackTeamCountry "HUN"]

1. d4 c6 2. c4 b5 3. cxb5 cxb5 4. e4 Bb7 5. Nd2 a6 6. Ngf3 e6 7. Bd3 Ne7 8. O-O
Ng6 9. Re1 d6 10. a4 bxa4 11. Qxa4+ Bc6 12. Qc2 Be7 13. Nc4 Bb5 14. Nxd6+ Bxd6
15. Bxb5+ Kf8 16. Bf1 Qc7 17. Qxc7 Bxc7 18. Be3 Ke7 19. Rec1 Bb6 20. Ra4 Rd8
21. Rca1 Kf8 22. Bxa6 Nxa6 23. Rxa6 Rxa6 24. Rxa6 Rb8 25. Bd2 Bd8 26. Bc3 Nf4
27. Kf1 f6 28. Ne1 Be7 29. f3 Ng6 30. Rxe6 Bb4 31. Nd3 Bxc3 32. bxc3 Rb3 33.
Rc6 Ne7 34. Rc5 1-0

[Event "NB2 Breyer csoport"]
[Site "Budapest"]
[Date "2024.11.17"]
[Round "2.3"]
[White "Draga, Balazs"]
[Black "Matyassy, Lazar"]
[Result "1/2-1/2"]
[WhiteElo "1969"]
[BlackElo "2234"]
[PlyCount "118"]
[EventDate "2024.11.03"]
[EventType "team-tourn"]
[EventRounds "9"]
[EventCountry "HUN"]
[Source "chess.hu"]
[SourceDate "2024.11.17"]
[WhiteTeam "NYVSE"]
[BlackTeam "MTK Budapest II."]
[WhiteTeamCountry "HUN"]
[BlackTeamCountry "HUN"]

1. e4 c5 2. Nc3 Nc6 3. Bb5 Nd4 4. Nf3 e6 5. O-O a6 6. Bd3 Ne7 7. Nxd4 cxd4 8.
Ne2 Nc6 9. c3 dxc3 10. dxc3 Be7 11. Be3 O-O 12. f4 b5 13. Ng3 e5 14. Qg4 exf4
15. Bxf4 d6 16. Nf5 Bxf5 17. Qxf5 Ne5 18. Rad1 g6 19. Qh3 Qc8 20. Qxc8 Raxc8
21. Bxe5 dxe5 22. Bc2 b4 23. Rf3 bxc3 24. bxc3 Bb4 25. Rdd3 Rc4 26. Bb3 Bc5+
27. Kf1 Rxe4 28. Rd5 Be3 29. g3 Bc1 30. Ra5 Kg7 31. Rxa6 f5 32. Bd5 Rg4 33. Re6
e4 34. Re7+ Kf6 35. Rxe4 Rxe4 36. Bxe4 Rd8 37. Bc2 Ke5 38. Rf2 Be3 39. Re2 f4
40. Kg2 Rc8 41. Kf3 g5 42. gxf4+ gxf4 43. Bxh7 Rxc3 44. h4 Kd4 45. Rc2 Rxc2 46.
Bxc2 Ke5 47. h5 Kf6 48. h6 Kf7 49. a4 Kg8 50. a5 Kh8 51. a6 Kg8 52. Kg4 Kh8 53.
Be4 Kg8 54. Kh5 Kh8 55. Kg6 Kg8 56. Bd5+ Kh8 57. Bf3 Kg8 58. Be4 Kh8 59. Kf7
Bd4 1/2-1/2

[Event "NB2 Breyer csoport"]
[Site "Budapest"]
[Date "2024.11.17"]
[Round "2.4"]
[White "Geher, Koppany"]
[Black "Ikanov, Imre"]
[Result "1-0"]
[WhiteElo "2175"]
[BlackElo "1975"]
[PlyCount "33"]
[EventDate "2024.11.03"]
[EventType "team-tourn"]
[EventRounds "9"]
[EventCountry "HUN"]
[Source "chess.hu"]
[SourceDate "2024.11.17"]
[WhiteTeam "MTK Budapest II."]
[BlackTeam "NYVSE"]
[WhiteTeamCountry "HUN"]
[BlackTeamCountry "HUN"]

1. e4 c5 2. Nf3 Nf6 3. e5 Nd5 4. Nc3 e6 5. Nxd5 exd5 6. d4 Nc6 7. dxc5 Bxc5 8.
Qxd5 Qb6 9. Bc4 Bxf2+ 10. Ke2 O-O 11. Rf1 Bc5 12. Ng5 Nd4+ 13. Kd1 Ne6 14. Ne4
d6 15. exd6 Bd7 16. Bd3 Bc6 17. Nf6+ 1-0

[Event "NB2 Breyer csoport"]
[Site "Budapest"]
[Date "2024.11.17"]
[Round "2.5"]
[White "Balazs, Andras"]
[Black "Gergely, Daniel"]
[Result "0-1"]
[WhiteElo "1927"]
[BlackElo "2176"]
[PlyCount "80"]
[EventDate "2024.11.03"]
[EventType "team-tourn"]
[EventRounds "9"]
[EventCountry "HUN"]
[Source "chess.hu"]
[SourceDate "2024.11.17"]
[WhiteTeam "NYVSE"]
[BlackTeam "MTK Budapest II."]
[WhiteTeamCountry "HUN"]
[BlackTeamCountry "HUN"]

1. e4 e6 2. d4 d5 3. Nd2 c5 4. Ngf3 Nc6 5. exd5 exd5 6. Nb3 c4 7. Nbd2 Bf5 8.
Be2 Nb4 9. O-O Nxc2 10. Rb1 Nb4 11. Ra1 Be7 12. Qa4+ b5 13. Qd1 Bc2 14. Qe1 Nd3
15. Bxd3 Bxd3 16. Qe5 Bxf1 17. Nxf1 Nf6 18. Bf4 O-O 19. Ne3 Re8 20. Qf5 g6 21.
Qh3 b4 22. Be5 Bd6 23. Rd1 Rc8 24. Bxf6 Qxf6 25. Nxd5 Qe6 26. Qxe6 Rxe6 27. g3
Re2 28. Rb1 c3 29. bxc3 bxc3 30. Kf1 c2 31. Rc1 Ba3 32. Kxe2 Bxc1 33. Ne7+ Kf8
34. Nxc8 Bh6 35. Nd6 c1=Q 36. Ne4 Qc2+ 37. Ned2 Qxa2 38. Kd3 Qd5 39. Kc3 a5 40.
h4 Bxd2+ 0-1

[Event "NB2 Breyer csoport"]
[Site "Budapest"]
[Date "2024.11.17"]
[Round "2.6"]
[White "Virag, Balint"]
[Black "Fekete, Laszlo"]
[Result "1-0"]
[WhiteElo "2162"]
[BlackElo "1878"]
[PlyCount "95"]
[EventDate "2024.11.03"]
[EventType "team-tourn"]
[EventRounds "9"]
[EventCountry "HUN"]
[Source "chess.hu"]
[SourceDate "2024.11.17"]
[WhiteTeam "MTK Budapest II."]
[BlackTeam "NYVSE"]
[WhiteTeamCountry "HUN"]
[BlackTeamCountry "HUN"]

1. e4 c5 2. Nf3 a6 3. c3 e6 4. d4 d5 5. e5 cxd4 6. cxd4 Nc6 7. a3 Bd7 8. Bd3
Qb6 9. Bc2 Nge7 10. Nc3 Rc8 11. Rb1 Ng6 12. h4 Nge7 13. h5 h6 14. g4 Qa7 15. g5
hxg5 16. Bxg5 b5 17. Ne2 b4 18. a4 b3 19. Bxb3 Na5 20. Bxe7 Bxe7 21. Kf1 Rh6
22. Kg2 Bd8 23. Qd2 Rb8 24. Nf4 Nc6 25. Bc2 Rb4 26. Nd3 Rb8 27. Nc5 Ba5 28. Qe3
Rb4 29. Nd3 Rb8 30. Rh4 Nb4 31. Nxb4 Rxb4 32. Qg5 Bd8 33. Qxg7 Bxh4 34. Qxh6
Be7 35. Qh8+ Bf8 36. Qf6 Rxd4 37. Nxd4 Qxd4 38. Qg5 Qc4 39. Rc1 d4 40. Be4 Qe2
41. Bf3 Qd3 42. Rd1 Qh7 43. Rxd4 Be7 44. Qd2 Qg7+ 45. Kh1 Bg5 46. Qb4 Qxe5 47.
Qd6 Qe1+ 48. Kg2 1-0

[Event "NB2 Breyer csoport"]
[Site "Budapest"]
[Date "2024.11.17"]
[Round "2.7"]
[White "Gal, Lajos"]
[Black "Toth, Lili"]
[Result "0-1"]
[WhiteElo "1832"]
[BlackElo "1873"]
[PlyCount "62"]
[EventDate "2024.11.03"]
[EventType "team-tourn"]
[EventRounds "9"]
[EventCountry "HUN"]
[Source "chess.hu"]
[SourceDate "2024.11.17"]
[WhiteTeam "NYVSE"]
[BlackTeam "MTK Budapest II."]
[WhiteTeamCountry "HUN"]
[BlackTeamCountry "HUN"]

1. f4 d5 2. Nf3 c5 3. e3 Nf6 4. Bb5+ Bd7 5. Qe2 a6 6. Bxd7+ Nbxd7 7. b3 e6 8.
Bb2 Bd6 9. O-O O-O 10. g3 Qc7 11. d4 Rac8 12. c3 Ne4 13. Rc1 c4 14. Nbd2 b5 15.
Nxe4 dxe4 16. Nd2 Qc6 17. a4 Rfe8 18. axb5 axb5 19. Ra5 Bc7 20. Ra3 Nb6 21. Ra6
Ra8 22. Rca1 Rxa6 23. Rxa6 Qb7 24. Ra1 Ra8 25. Rxa8+ Qxa8 26. bxc4 bxc4 27. Kf1
Qa2 28. Bc1 Qc2 29. Ba3 Qxc3 30. Bc5 Nd5 31. Nxc4 Qxc4 0-1